Propuesta de planificación para el proyecto habitacional El Trentino, San Ramón, Matagalpa
Presenta una propuesta de planificación para el proyecto habitacional El Trentino con la debida evaluación de factores que cuenta el medio y los que se proponen para el objeto de estudio, partiendo del estudio del municipio, conociendo así las oportunidades que se tienen para vincularlo a el proy...
| Main Author: | |
|---|---|
| Other Authors: | |
| Format: | Tesis Section = Libro |
| Language: | Undetermined Spanish |
| Published: |
Managua
UNI
2013
|
| Subjects: |
| LEADER | 01092nam a2200253Ia 4500 | ||
|---|---|---|---|
| 008 | 240830s9999 xx 000 0 und d | ||
| 040 | |a BIBLIOTECA-RUSB/ T.Mon 363.5 C352 | ||
| 041 | |a spa | ||
| 082 | |a T.Mon 363.5 C352 | ||
| 100 | 1 | |a Castillo Ibarra, Tania Vanessa | |
| 245 | 1 | 0 | |a Propuesta de planificación para el proyecto habitacional El Trentino, San Ramón, Matagalpa |
| 260 | |a Managua |b UNI |c 2013 | ||
| 300 | |a 152 p. :il. | ||
| 500 | |a Contiene: anexos. | ||
| 502 | |a Tesis (Arquitecto) - UNI, 2013. | ||
| 520 | 3 | |a Presenta una propuesta de planificación para el proyecto habitacional El Trentino con la debida evaluación de factores que cuenta el medio y los que se proponen para el objeto de estudio, partiendo del estudio del municipio, conociendo así las oportunidades que se tienen para vincularlo a el proyecto. | |
| 650 | 7 | |a VIVIENDA NICARAGUA | |
| 650 | 7 | |b ASENTAMIENTOS RURALES | |
| 650 | 7 | |c ADMINISTRACION - PROYECTOS | |
| 650 | 7 | |d PLANIFICACION URBANA | |
| 700 | 1 | |a Tutor: |b Gómez Ortega, Graciela Dionides | |
| 942 | |c BK |2 ddc | ||
| 991 | |a TESIS | ||
| 999 | |c 21755 | ||